|
|
|
|
| LEADER |
01140nam a2200301 a 4500 |
| 001 |
7793 |
| 003 |
BD-DhAAL |
| 005 |
20150704104306.0 |
| 008 |
150704s2002 at 000 1 eng d |
| 020 |
|
|
|a 0747266921
|
| 040 |
|
|
|a ANL
|b eng
|c BD-DhAAL
|
| 082 |
0 |
0 |
|a 813/.54
|2 21
|
| 100 |
1 |
|
|a Patterson, James,
|d 1947-
|9 12794
|
| 245 |
1 |
0 |
|a Four blind mice /
|c James Patterson.
|
| 260 |
|
|
|a [Lane Cove, N.S.W.] ;
|a London :
|b Headline,
|c 2002.
|
| 300 |
|
|
|a 404 p ;
|c 18cm.
|
| 500 |
|
|
|a "First published in Great Britain in 2002 by Headline Book Publishing."
|
| 541 |
|
|
|e 7793
|
| 650 |
|
0 |
|a Cross, Alex (Fictitious character)
|v Fiction.
|9 12795
|
| 650 |
|
0 |
|a Courts-martial and courts of inquiry
|v Fiction.
|9 12796
|
| 650 |
|
0 |
|a Police
|z Washington (D.C.)
|v Fiction.
|9 12797
|
| 650 |
|
0 |
|a Trials (Murder)
|v Fiction.
|9 6853
|
| 651 |
|
0 |
|a Washington (D.C.)
|v Fiction.
|9 12798
|
| 655 |
|
7 |
|a Mystery fiction.
|2 gsafd
|9 6244
|
| 655 |
|
7 |
|a Legal stories.
|2 gsafd
|9 6258
|
| 942 |
|
|
|2 ddc
|c BK
|
| 999 |
|
|
|c 34924
|d 34924
|
| 952 |
|
|
|0 0
|1 3
|2 ddc
|4 0
|6 813_000000000000000__54_PAT
|7 0
|9 54680
|a SCL
|b SCL
|c GEN
|d 2015-07-04
|e Gift
|l 0
|o 813.54 PAT
|p 3020007793
|r 2015-07-04
|t 1
|w 2015-07-04
|y BK
|